000
00311nam a2200121 a 4500
005
20140412111328.0
008
110115s19uu xx 00 eng d
050
_a
BB
_b
Sh829 1997
245
_a
Shapes.
260
_a
Italy :
_b
Gruppo Edicart- Legnano,
_c
1997.
440
_a
Pilu the clown and...
999
_c
104771
_d
104771